000 01094nam a22002537a 4500
005 20170124103042.0
010 _aA-805649
020 _c90.00
_a8186064214
035 _aA-805649
037 _bCen Lib/Ret
040 _aDPL
_bHN
082 _a
_bज्योतिपुं
100 _aज्योतिपुंज
_943304
245 _aनई टापरी का नया दुःख /
_cज्योतिपुंज
246 _aNai tapri ka naya dukh /
_bby Jyotipunj
260 _aउदयपुर
_bअंकुर प्रकाशन
_c1996
270 _a13, पीपलेशवर महादेव की गली नाईयों की तलाई
_bउदयपुर
_e393009
300 _a350पृ.
_c21सेमी(सजिल्द )
650 _aहिंदी साहित्य
_x
_z
_967519
650 _aहिंदी साहित्य--कहानियां
_942761
650 _aHindi literature
_v
_967520
650 _aHindi literature--Stories
_967521
942 _2ddc
_cHN
_h
_mज्योतिपुं
999 _c116637
_d116637